Schools of linguistics

Đã lưu trong:
书目详细资料
主要作者: Geoffrey Sampson
格式: 图书
语言:Undetermined
出版: Stanford, California Stanford Univ 1980
主题:
标签: 添加标签
没有标签, 成为第一个标记此记录!
Thư viện lưu trữ: Trung tâm Học liệu Trường Đại học Cần Thơ
LEADER 00500nam a2200193Ia 4500
001 CTU_27236
008 210402s9999 xx 000 0 und d
020 |b 38.81Dfl 
082 |a 410 
082 |b S192 
100 |a Geoffrey Sampson 
245 0 |a Schools of linguistics 
245 0 |c Geoffrey Sampson 
260 |a Stanford, California 
260 |b Stanford Univ 
260 |c 1980 
650 |a linguistics 
904 |i Minh, 981208 
980 |a Trung tâm Học liệu Trường Đại học Cần Thơ